000 00318nam a2200133Ia 4500
008 191206s9999 xx 000 0 und d
020 _a841906432
090 _aDA533.M29
245 0 _aVictorian high society
260 _aHolmes & Meier
260 _cc1980
300 _a216 p. ; 26 cm.
999 _c17251
_d17251